000 00998nam0a2200241 4500
001 RU\NLR\BIBL_A\011294241
005 20260406072844.0
035 _a(NLR Aleph) 011294241
090 _a13414297
_c13414297
100 _a20161217d1986 |||y0rusy50 ca
101 0 _aalt
102 _aRU
105 _ac z 000 y
200 1 _aJаскы чечектер-кӱски jылдыстар
_eӱлгерлер, кожоҥдор, тууjылар
_fБорис Укачин
210 _aГорно-Алтайск
_cАлт. бичиктер чыг. изд. Туулу Алт. бӧлӱги
_d1986
215 _a310 с.
_cпортр.
_d17
541 1 _aВесенниецветы-осенние звезды
_eстихи и поэмы
686 1 _aШ6(2=Алт)7-5
700 1 _4070
_8rus
_7ca
_aУкачин
_cалтайский писатель
_bБ.У.
_f1936-2003
_gБорис Укачинович
_3RU\NLR\auth-onl\77598
_9130654
852 _aNLR
_bОНЛ
_jАлт./2-851
942 _cBOOK
980 _aNB